000 00740nam a2200229 a 4500
001 51592
003 BD-RjUL
005 20211209075702.0
008 160831m19601663us ||||| |||| 00| 0 eng d
035 _a(BD-RjUL)51712
040 _aBD-RjUL
_beng
_cBD-RjUL
_dBD-RjUL
041 _aeng
082 _223
_a519
_bCOP 1963
100 _aCowden, Dudley J
_9154213
245 _aPractical problems in business statistics /
_cDudley J Cowden; Cowden, Mercedes S.,
260 _aEnglewood Cliffs, N.J. :
_bPrentice-Hall,
_cc1960, [reprinted 1963]
300 _aiv, 96 p. :
_bill. ;
_c28 cm
650 _aCommercial statistics.
_9154214
650 _aStatistics.
_9154215
700 _aCowden, Mercedes S., joint author
_9154216
942 _2ddc
_cBK
999 _c51592
_d51592